[Event "ODJM B 2022"]
[Site "Willingen GER"]
[Date "2022.06.08"]
[Round "5"]
[White "Hofmann, Benjamin"]
[Black "Hartwig, Eric-Jordan"]
[Result "1-0"]
[Termination "normal"]
[Board "14"]
[WhiteElo "1483"]
[BlackElo "1510"]
[PlyCount "71"]
[WhiteFideId "16270266"]
[BlackFideId "16298454"]
[EventCountry "GER"]
[EventRounds "9"]
[EventType "swiss"]
[EventDate "2022.06.04"]

1. e4 c5 2. Nc3 Nc6 3. f4 g6 4. Nf3 e6 5. Bb5 Nge7 6. d3 Bg7 7. Be3 b6 8. O-O
f5 9. e5 d5 10. d4 c4 11. Bxc6+ Nxc6 12. Nb5 Bf8 13. Qe1 a6 14. Nc3 Be7 15. a4
Rb8 16. Kh1 h5 17. Qg3 Kf7 18. Ne2 Bd7 19. Neg1 Nb4 20. Rfc1 Rc8 21. Bd2 a5 22.
Bxb4 axb4 23. b3 h4 24. Qf2 cxb3 25. cxb3 Rxc1 26. Rxc1 g5 27. fxg5 Bxg5 28.
Nxg5+ Qxg5 29. Rc7 Qd8 30. Qc2 Ke8 31. Rb7 Bc8 32. Qc6+ Bd7 33. Qxb6 Qxb6 34.
Rxb6 Ke7 35. Rxb4 Rc8 36. h3 1-0

[Event "ODJM B 2022"]
[Site "Willingen GER"]
[Date "2022.06.08"]
[Round "5"]
[White "Fellberg, Justus"]
[Black "Payyappat, Sayas"]
[Result "1-0"]
[Termination "normal"]
[Board "15"]
[WhiteElo "1262"]
[BlackElo "1542"]
[PlyCount "99"]
[WhiteFideId "34608990"]
[BlackFideId "25659260"]
[EventCountry "GER"]
[EventRounds "9"]
[EventType "swiss"]
[EventDate "2022.06.04"]

1. e4 c5 2. Nf3 d6 3. c3 Nf6 4. Bd3 Nc6 5. Bc2 Bg4 6. d3 g6 7. Nbd2 Bg7 8. O-O
O-O 9. h3 Bd7 10. d4 cxd4 11. cxd4 Rc8 12. Re1 Qc7 13. Bb3 Nb4 14. Nf1 Bb5 15.
Re3 Nd3 16. Rxd3 Bxd3 17. Qxd3 Nd7 18. Be3 e5 19. Rd1 exd4 20. Bxd4 Ne5 21.
Nxe5 dxe5 22. Bc3 Rfd8 23. Qe2 Rxd1 24. Qxd1 Rd8 25. Qe2 Bh6 26. Qb5 Bg7 27.
Ne3 a6 28. Qe2 b5 29. Nd5 Qc5 30. Qe1 Kh8 31. Kh1 f5 32. f3 f4 33. Qh4 Rb8 34.
Nf6 h6 35. Nd7 Qd6 36. Nxb8 Qxb8 37. Qe7 Kh7 38. Bf7 Qb6 39. Qe8 h5 40. Qe6
Qxe6 41. Bxe6 g5 42. Bc8 Kg6 43. Bxa6 g4 44. Bxb5 gxh3 45. gxh3 Kg5 46. Kg2 Bf6
47. a4 Kh4 48. a5 Be7 49. Bxe5 Bc5 50. Bf6# 1-0

[Event "ODJM B 2022"]
[Site "Willingen GER"]
[Date "2022.06.08"]
[Round "5"]
[White "Paqarizi, Endrit"]
[Black "Kanno, Clara Yumi"]
[Result "1-0"]
[Termination "normal"]
[Board "16"]
[WhiteElo "1380"]
[BlackElo "1182"]
[PlyCount "129"]
[WhiteFideId "16235827"]
[BlackFideId "16259661"]
[EventCountry "GER"]
[EventRounds "9"]
[EventType "swiss"]
[EventDate "2022.06.04"]

1. d4 d5 2. Nc3 Nf6 3. Bf4 a6 4. e3 Bf5 5. f3 e6 6. g4 Bg6 7. h4 h6 8. Bd3 Bxd3
9. Qxd3 c5 10. Nge2 Nc6 11. Kf2 c4 12. Qd1 Bd6 13. g5 Nh5 14. Bh2 Qc7 15. Qg1
O-O-O 16. Bxd6 Qxd6 17. g6 Qe7 18. gxf7 Qxf7 19. Qg2 Rdf8 20. Rag1 Ne7 21. Ng3
Nf5 22. Nxh5 Qxh5 23. Qg4 Qxg4 24. Rxg4 Rf7 25. h5 Rhf8 26. f4 Re7 27. Rhg1
Rff7 28. Na4 Nd6 29. Nc5 Ne8 30. Kf3 Nf6 31. Rh4 a5 32. Rg6 b6 33. Na4 Kc7 34.
Nc3 Kc6 35. Nd1 b5 36. Nf2 b4 37. Ng4 Nxg4 38. Rhxg4 a4 39. b3 cxb3 40. cxb3 a3
41. Rg2 Kd6 42. Rc2 Rb7 43. Rgg2 Rbc7 44. Kg4 Rc3 45. Rxc3 bxc3 46. Rc2 Rc7 47.
Kf3 Ke7 48. Ke2 Kf6 49. Kd3 Kf5 50. Rxc3 Rb7 51. Rc6 Kf6 52. e4 dxe4+ 53. Kxe4
Rb5 54. Rc5 Rb4 55. Re5 Rb6 56. f5 exf5+ 57. Rxf5+ Ke6 58. d5+ Kd6 59. Kd3 Rb4
60. Kc3 Rh4 61. b4 Kc7 62. Kb3 Rh3+ 63. Ka4 Kb6 64. Re5 Rh4 65. Kxa3 1-0

[Event "ODJM B 2022"]
[Site "Willingen GER"]
[Date "2022.06.08"]
[Round "5"]
[White "Borgert, Alexander"]
[Black "Morio, Estelle"]
[Result "0-1"]
[Termination "normal"]
[Board "17"]
[WhiteElo "1468"]
[BlackElo "1823"]
[PlyCount "118"]
[WhiteFideId "16289188"]
[BlackFideId "12951951"]
[EventCountry "GER"]
[EventRounds "9"]
[EventType "swiss"]
[EventDate "2022.06.04"]

1. d4 Nf6 2. c4 e6 3. Nc3 Bb4 4. a3 Bxc3+ 5. bxc3 Ne4 6. Qc2 f5 7. Bf4 O-O 8.
f3 Nf6 9. h4 d6 10. e3 Nbd7 11. Bd3 b6 12. Ne2 Bb7 13. e4 fxe4 14. Bxe4 Nxe4
15. fxe4 e5 16. Bg5 Qe8 17. d5 Qg6 18. Rh2 Nc5 19. Ng3 h6 20. Nf5 Kh7 21. Rh1
Rf7 22. Be3 Nxe4 23. Qxe4 Qxf5 24. Qxf5+ Rxf5 25. Ke2 Raf8 26. Kd3 c6 27. g4
Rf3 28. dxc6 Bxc6 29. Ke2 Rxe3+ 30. Kxe3 Bxh1 31. Rxh1 Rf4 32. g5 hxg5 33.
hxg5+ Kg6 34. Rd1 Rxc4 35. Rxd6+ Kxg5 36. Rd7 Rxc3+ 37. Ke4 Rxa3 38. Rxg7+ Kf6
39. Rg1 Ra4+ 40. Kf3 e4+ 41. Ke3 Kf5 42. Rg8 Ra3+ 43. Ke2 e3 44. Rf8+ Ke6 45.
Rb8 Kd5 46. Rd8+ Kc5 47. Rh8 Kb5 48. Rh5+ Ka6 49. Rh6 Ka5 50. Rh5+ b5 51. Rg5
Ka4 52. Rg4+ b4 53. Rd4 a5 54. Re4 Rc3 55. Rd4 Kb3 56. Rd1 Kb2 57. Re1 b3 58.
Kf3 a4 59. Re2+ Ka3 0-1

[Event "ODJM B 2022"]
[Site "Willingen GER"]
[Date "2022.06.08"]
[Round "5"]
[White "Schilay, Eva"]
[Black "Birkenheier, Nicolas"]
[Result "0-1"]
[Termination "normal"]
[Board "18"]
[WhiteElo "1691"]
[BlackElo "1350"]
[PlyCount "86"]
[WhiteFideId "12930164"]
[BlackFideId "16287100"]
[EventCountry "GER"]
[EventRounds "9"]
[EventType "swiss"]
[EventDate "2022.06.04"]

1. e4 e5 2. Nf3 Nc6 3. Bc4 Bc5 4. d3 Nf6 5. Nc3 d6 6. Bg5 h6 7. Be3 Bb6 8. Qe2
Be6 9. Bb3 Qd7 10. Nd5 Bxd5 11. exd5 Nb4 12. Bxb6 axb6 13. d4 e4 14. Nd2 O-O
15. O-O Rfe8 16. c4 Qf5 17. h3 Nd3 18. Nb1 Qg5 19. Qe3 Nf4 20. g3 Nxh3+ 21. Kg2
Qxe3 22. fxe3 Ng5 23. Nd2 Rec8 24. Bc2 Ng4 25. Rfe1 f5 26. a4 Kf7 27. b4 h5 28.
Bb3 Kg6 29. Rac1 c5 30. dxc6 bxc6 31. c5 bxc5 32. bxc5 d5 33. Rc3 Rh8 34. Rh1
Rab8 35. Kf1 Rh7 36. Ke2 Rbh8 37. Rh4 Ne6 38. Rc1 Kf6 39. a5 g5 40. Rhh1 h4 41.
Ba4 hxg3 42. Rxh7 Rxh7 43. a6 Rh2+ 0-1

[Event "ODJM B 2022"]
[Site "Willingen GER"]
[Date "2022.06.08"]
[Round "5"]
[White "Rotärmel, Leonie"]
[Black "Krömer, Emanuel"]
[Result "1/2-1/2"]
[Termination "normal"]
[Board "19"]
[WhiteElo "1486"]
[BlackElo "1415"]
[PlyCount "112"]
[WhiteFideId "16281390"]
[BlackFideId "16287070"]
[EventCountry "GER"]
[EventRounds "9"]
[EventType "swiss"]
[EventDate "2022.06.04"]

1. e4 d6 2. d4 Nf6 3. Nc3 Nbd7 4. Nf3 e5 5. dxe5 dxe5 6. a3 Be7 7. Bc4 c6 8.
O-O Qc7 9. h3 h6 10. Be3 Nf8 11. Qe2 g5 12. Nh2 Ng6 13. Qd2 Rg8 14. Be2 Nf4 15.
Bxf4 gxf4 16. Kh1 Bd7 17. Bf3 O-O-O 18. Qe2 Rg5 19. b4 Kb8 20. Na4 Ne8 21. c4
f5 22. Rfd1 Nd6 23. Nc3 Rf8 24. c5 Nxe4 25. Bxe4 fxe4 26. Nxe4 Rg6 27. Nf3 Bf5
28. Rd2 Rfg8 29. Rg1 a6 30. Nc3 Re6 31. Ne4 Ka7 32. Rgd1 Reg6 33. Rg1 Bxh3 34.
gxh3 Qc8 35. Qf1 Qf5 36. Rxg6 Rxg6 37. Nc3 e4 38. Ne1 f3 39. Rc2 Bh4 40. Rd2
Bf6 41. Nxe4 Qxe4 42. Rd3 Bb2 43. Re3 Qd5 44. Nxf3 Bd4 45. Rd3 Qe4 46. Rxd4
Qxf3+ 47. Kh2 Rf6 48. Rd3 Qf4+ 49. Kh1 Rg6 50. Qe2 Qc1+ 51. Qd1 Qf4 52. Qe2 Rg5
53. Qe3 Qf6 54. Qe2 Qa1+ 55. Qd1 Qe5 56. Re3 Qf5 1/2-1/2

[Event "ODJM B 2022"]
[Site "Willingen GER"]
[Date "2022.06.08"]
[Round "5"]
[White "Brunner, Alexander"]
[Black "Kullmann, Theo"]
[Result "1-0"]
[Termination "normal"]
[Board "20"]
[WhiteElo "1666"]
[BlackElo "1506"]
[PlyCount "83"]
[WhiteFideId "12965278"]
[BlackFideId "16218582"]
[EventCountry "GER"]
[EventRounds "9"]
[EventType "swiss"]
[EventDate "2022.06.04"]

1. d4 d5 2. Nc3 Nf6 3. Bf4 a6 4. e3 e6 5. Nf3 c5 6. Ne5 c4 7. Qf3 Be7 8. Be2
Nbd7 9. Rd1 Bb4 10. O-O Bxc3 11. bxc3 h6 12. Rb1 Nxe5 13. Bxe5 Ne4 14. Bxg7 Rg8
15. Bxh6 Nd2 16. Qf4 Nxf1 17. Kxf1 b5 18. h4 Qd7 19. Bg5 Bb7 20. Bf6 Qc8 21. h5
Kd7 22. h6 Kc6 23. h7 Re8 24. Bg4 Qc7 25. Qh6 Qb8 26. Ke2 a5 27. Rh1 Rh8 28.
Bxh8 Qxh8 29. Bh5 f6 30. Bf7 Kd7 31. Qh3 Ra6 32. Qg4 Ra8 33. Qxe6+ Kc7 34. Rh6
Qg7 35. Rxf6 Ra6 36. Qe7+ Kb8 37. Qe8+ Ka7 38. Rxa6+ Kxa6 39. h8=Q Qg4+ 40. Kd2
Qxg2 41. Qf6+ Ka7 42. Qxb5 1-0

[Event "ODJM B 2022"]
[Site "Willingen GER"]
[Date "2022.06.08"]
[Round "5"]
[White "Uhlmann, Jonas"]
[Black "Tryfon, Konstantin"]
[Result "0-1"]
[Termination "normal"]
[Board "21"]
[WhiteElo "1315"]
[BlackElo "1634"]
[PlyCount "76"]
[WhiteFideId "16258576"]
[BlackFideId "16282353"]
[EventCountry "GER"]
[EventRounds "9"]
[EventType "swiss"]
[EventDate "2022.06.04"]

1. e4 e5 2. Nf3 Nc6 3. Bc4 Bc5 4. c3 Nf6 5. d4 exd4 6. cxd4 Bb4+ 7. Nc3 Nxe4 8.
O-O Bxc3 9. d5 Ne7 10. bxc3 O-O 11. Qd4 Nd6 12. Ba3 Nxc4 13. Bxe7 Qxe7 14. Rfe1
Qf6 15. Qxc4 c6 16. dxc6 bxc6 17. Rab1 d5 18. Qd4 Qxd4 19. cxd4 Bf5 20. Rbc1
Rac8 21. Re2 a6 22. Rb2 Bd3 23. a4 f6 24. Rb7 Rb8 25. Rc7 Rfc8 26. Re7 Rb4 27.
Ra1 Be4 28. Nd2 Rxd4 29. Nxe4 Rxe4 30. Rxe4 dxe4 31. Kf1 Kf7 32. Ke2 c5 33. Rc1
Ke6 34. Ke3 f5 35. h4 h6 36. h5 Ke5 37. g3 c4 38. Rc3 Rc5 0-1

[Event "ODJM B 2022"]
[Site "Willingen GER"]
[Date "2022.06.08"]
[Round "5"]
[White "Bouhadjer, Youcef"]
[Black "Frydel, Marcel"]
[Result "1-0"]
[Termination "normal"]
[Board "22"]
[WhiteElo "1630"]
[BlackElo "1251"]
[PlyCount "121"]
[WhiteFideId "16251539"]
[BlackFideId "16245733"]
[EventCountry "GER"]
[EventRounds "9"]
[EventType "swiss"]
[EventDate "2022.06.04"]

1. e4 e5 2. Nf3 Nf6 3. Nc3 Bb4 4. d3 d5 5. exd5 Bxc3+ 6. bxc3 Qxd5 7. Be2 Bf5
8. O-O h6 9. Ba3 c5 10. c4 Qd6 11. Nd2 O-O 12. Bf3 Nc6 13. Re1 Rfe8 14. Qb1 b6
15. Bb2 Rac8 16. Ne4 Nxe4 17. Bxe4 Bxe4 18. Rxe4 Nd4 19. Bxd4 exd4 20. Qe1 Qc6
21. a4 Rxe4 22. Qxe4 Qxe4 23. dxe4 Rd8 24. Rd1 Kf8 25. Kf1 Ke7 26. Ra1 Ke6 27.
f3 Ke5 28. Kf2 Rd6 29. a5 Rg6 30. g3 h5 31. axb6 axb6 32. Ra7 Rf6 33. Rd7 h4
34. Rd5+ Ke6 35. f4 hxg3+ 36. hxg3 Ke7 37. Rg5 g6 38. Re5+ Re6 39. Rxe6+ Kxe6
40. Kf3 Kd6 41. e5+ Ke6 42. Ke4 f5+ 43. exf6 Kxf6 44. g4 Ke6 45. g5 d3 46. cxd3
Kd6 47. f5 gxf5+ 48. Kxf5 Ke7 49. Kg6 Kf8 50. Kh7 b5 51. cxb5 c4 52. dxc4 Ke7
53. g6 Kd6 54. g7 Kc7 55. g8=Q Kb6 56. c5+ Ka7 57. b6+ Kb7 58. Qd5+ Kb8 59. c6
Kc8 60. Qd7+ Kb8 61. Qb7# 1-0

[Event "ODJM B 2022"]
[Site "Willingen GER"]
[Date "2022.06.08"]
[Round "5"]
[White "Wehrle, Valentin"]
[Black "Sari, Reber Furkan"]
[Result "0-1"]
[Termination "normal"]
[Board "24"]
[WhiteElo "1522"]
[BlackElo "1292"]
[PlyCount "108"]
[WhiteFideId "65600355"]
[BlackFideId "34623507"]
[EventCountry "GER"]
[EventRounds "9"]
[EventType "swiss"]
[EventDate "2022.06.04"]

1. d4 d5 2. c4 dxc4 3. e4 Nf6 4. Nc3 e6 5. Bxc4 Bb4 6. e5 Nd5 7. Nge2 O-O 8.
O-O c6 9. Nxd5 cxd5 10. Bb3 Nc6 11. Bd2 Bd7 12. Rc1 Qb6 13. Bxb4 Qxb4 14. a3
Qb6 15. Rb1 Rac8 16. Ba4 Rc7 17. b3 Rfc8 18. Rc1 Nxd4 19. Bxd7 Nxe2+ 20. Qxe2
Rxc1 21. Bxc8 Rxc8 22. Rb1 Rc3 23. Qd1 Qc5 24. a4 Rc2 25. Qe1 Qc3 26. Qxc3 Rxc3
27. Kf1 h6 28. Ke2 Kh7 29. Kd2 Rc7 30. Kd3 Kg6 31. f4 Kf5 32. g3 f6 33. exf6
gxf6 34. Rf1 b6 35. h3 Kg6 36. g4 e5 37. fxe5 fxe5 38. Rf5 Re7 39. b4 a6 40. b5
a5 41. Ke3 Re6 42. Kd3 Re8 43. Ke3 Re7 44. Kd3 d4 45. Ke4 Rd7 46. Kd3 e4+ 47.
Kxe4 d3 48. Rf1 d2 49. Rd1 Kg5 50. Ke3 Kh4 51. Kf3 Rd8 52. Kf4 Kxh3 53. g5
hxg5+ 54. Kxg5 Kg3 0-1

[Event "ODJM B 2022"]
[Site "Willingen GER"]
[Date "2022.06.08"]
[Round "5"]
[White "Schaudienst, Arvid"]
[Black "Keuper, David"]
[Result "1-0"]
[Termination "normal"]
[Board "25"]
[WhiteElo "1411"]
[BlackElo "1243"]
[PlyCount "107"]
[WhiteFideId "16266943"]
[BlackFideId "16287568"]
[EventCountry "GER"]
[EventRounds "9"]
[EventType "swiss"]
[EventDate "2022.06.04"]

1. e4 c5 2. Nc3 e6 3. f4 a6 4. Nf3 Nc6 5. Be2 d5 6. d3 b5 7. O-O Nf6 8. exd5
exd5 9. Ne5 Bb7 10. Bh5 g6 11. Qe1 Be7 12. Bf3 Nd4 13. Qf2 Qb6 14. Kh1 O-O 15.
f5 Nxf5 16. g4 Bd6 17. Bf4 Qc7 18. gxf5 Bxe5 19. Bh6 Rfe8 20. Qg2 Kh8 21. h4
Qd7 22. Rae1 Rab8 23. Bg5 Kg7 24. fxg6 Qd6 25. gxf7 Kxf7 26. Bh5+ Kf8 27. Bh6+
Ke7 28. Qg7+ Kd8 29. Bg5 d4+ 30. Ne4 Bxe4+ 31. Rxe4 Rf8 32. Rxe5 Qxe5 33. Qxf8+
Kc7 34. Qxb8+ Kxb8 35. Bf4 Qxf4 36. Rxf4 Nxh5 37. Rf8+ Kc7 38. Rf7+ Kd6 39.
Rxh7 Ng3+ 40. Kg2 Nf5 41. Kf3 Ke5 42. Rh5 Kf6 43. Kf4 Ne3 44. Rxc5 Kg6 45. Rc6+
Kh5 46. Rxa6 Nxc2 47. Rb6 b4 48. Rc6 Ne1 49. Ke4 Kxh4 50. Kxd4 Nf3+ 51. Ke3 Ne5
52. Re6 Nd7 53. Re4+ Kg5 54. Rxb4 1-0

[Event "ODJM B 2022"]
[Site "Willingen GER"]
[Date "2022.06.08"]
[Round "5"]
[White "Bock, Leonas"]
[Black "Bakó, Evelin"]
[Result "1/2-1/2"]
[Termination "normal"]
[Board "26"]
[WhiteElo "1352"]
[BlackElo "1214"]
[PlyCount "101"]
[WhiteFideId "16287118"]
[BlackFideId "16271823"]
[EventCountry "GER"]
[EventRounds "9"]
[EventType "swiss"]
[EventDate "2022.06.04"]

1. d4 d5 2. Nf3 Nf6 3. e3 c5 4. b3 cxd4 5. exd4 Nc6 6. Bb2 Bg4 7. Be2 e6 8.
Nbd2 Bd6 9. O-O O-O 10. Ne5 Bxe2 11. Qxe2 Qc7 12. Rac1 b5 13. Qxb5 Nxd4 14.
Bxd4 Bxe5 15. Bxe5 Qxe5 16. Qd3 Rfc8 17. c4 dxc4 18. Rxc4 Rd8 19. Qc2 Nd5 20.
Nf3 Qf6 21. Rc1 h6 22. h3 Nb6 23. Rc6 Rac8 24. Qe4 Rxc6 25. Rxc6 Qa1+ 26. Kh2
Qxa2 27. Qe3 Nd5 28. Qc5 Qxb3 29. Qxa7 Qb8+ 30. Qxb8 Rxb8 31. Rc2 Kf8 32. Ne5
Ke8 33. Ra2 f6 34. Nc6 Rc8 35. Nd4 e5 36. Nf5 Kf8 37. Rd2 Nf4 38. Rd7 Rc2 39.
Kg3 Ne6 40. Rd6 Ng5 41. f3 Rc3 42. Kh2 Rc2 43. Kg3 e4 44. Rd8+ Kf7 45. fxe4
Nxe4+ 46. Kf4 Rc4 47. Rd7+ Kf8 48. Rd8+ Kf7 49. Rd7+ Kf8 50. Rd8+ Kf7 51. Rd7+
1/2-1/2

[Event "ODJM B 2022"]
[Site "Willingen GER"]
[Date "2022.06.08"]
[Round "5"]
[White "Hornstein, Leonhard Orell"]
[Black "Vollmer, Jan"]
[Result "1-0"]
[Termination "normal"]
[Board "27"]
[WhiteElo "1214"]
[BlackElo "1540"]
[PlyCount "115"]
[WhiteFideId "16254643"]
[BlackFideId "16287649"]
[EventCountry "GER"]
[EventRounds "9"]
[EventType "swiss"]
[EventDate "2022.06.04"]

1. d4 d5 2. Nc3 e6 3. Bf4 c5 4. e3 Nf6 5. Nb5 Qa5+ 6. c3 cxd4 7. Bc7 Qa6 8.
Nd6+ Bxd6 9. Bxa6 Bxc7 10. Bd3 dxe3 11. fxe3 Nc6 12. Nf3 O-O 13. Nd4 Bb6 14.
Nxc6 bxc6 15. Qe2 Bd7 16. O-O Ne8 17. Kh1 g6 18. a4 Ng7 19. a5 Bc5 20. b4 Bd6
21. e4 Rae8 22. Qe3 c5 23. bxc5 Be5 24. Ra3 Bc6 25. Rb1 Rc8 26. exd5 Bxd5 27.
Qxe5 Rxc5 28. Qe3 Rfc8 29. Be4 Bxe4 30. Qxe4 Nf5 31. Qb7 a6 32. Qxa6 R8c6 33.
Qxc6 Rxc6 34. a6 Rc7 35. a7 Rxa7 36. Rxa7 Nd6 37. Rc1 Ne4 38. c4 Nf2+ 39. Kg1
Nd3 40. Rc3 Nf4 41. Kf2 e5 42. c5 Ne6 43. c6 Ng5 44. c7 Ne4+ 45. Ke1 Nxc3 46.
c8=Q+ Kg7 47. Qxc3 Kf6 48. Qf3+ Kg7 49. Qxf7+ Kh6 50. Qxh7+ Kg5 51. Ra6 Kf4 52.
Qxg6 e4 53. Qg3+ Kf5 54. Ra5+ Kf6 55. Qe5+ Kg6 56. Ra6+ Kf7 57. Qc7+ Ke8 58.
Ra8# 1-0